[Event "SLO-chT NML 31st"]
[Site "Ptuj/Grosuplje"]
[Date "2021.10.08"]
[Round "1.4"]
[White "Suta, Andraz"]
[Black "Kos, Toni"]
[Result "1-0"]
[WhiteElo "2228"]
[BlackElo "2301"]
[PlyCount "81"]
[EventDate "2021.10.08"]
[EventType "team-tourn"]
[EventRounds "9"]
[EventCountry "SLO"]
[SourceTitle "EXT 2023"]
[Source "ChessBase"]
[SourceDate "2022.10.05"]
[SourceVersion "1"]
[SourceVersionDate "2022.10.05"]
[SourceQuality "1"]
[WhiteTeam "Ptuj"]
[BlackTeam "Krsko Triglav"]
[WhiteTeamCountry "SLO"]
[BlackTeamCountry "SLO"]

1. e4 e5 2. Nf3 Nf6 3. Nxe5 Nxe4 4. Qe2 Qe7 5. Qxe4 d6 6. d4 dxe5 7. dxe5 Nc6 8. Nc3 Qxe5 9. Qxe5+ Nxe5 10. Nb5 Bb4+ 11. Bd2 Bxd2+ 12. Kxd2 Kd8 13. Re1 Nd7 14. Bc4 Nb6 15. Bxf7 Rf8 16. Bh5 Rf5 17. Re8+ Kd7 18. Bg4 Kxe8 19. Bxf5 Bxf5 20. Nxc7+ Kd7 21. Nxa8 Nxa8 22. g4 Be6 23. f4 Nb6 24. f5 Bd5 25. Re1 Nc4+ 26. Kc3 Nd6 27. Kd4 Bf3 28. h3 h6 29. Ke5 Nf7+ 30. Kf4 Bd5 31. h4 b5 32. g5 hxg5+ 33. hxg5 a5 34. b3 a4 35. bxa4 bxa4 36. Rd1 Kc6 37. Rd4 a3 38. Ra4 Bxa2 39. Rxa3 Bb1 40. Ra1 Bxc2 41. Rc1 1-0

[Event "Zalakaros Barczay Memorial 40th"]
[Site "Zalakaros"]
[Date "2021.09.08"]
[Round "4"]
[White "Suta, Andraz"]
[Black "Demeter, Dorina"]
[Result "0-1"]
[WhiteElo "2231"]
[BlackElo "2032"]
[PlyCount "100"]
[EventDate "2021.09.05"]
[EventType "swiss"]
[EventRounds "9"]
[EventCountry "HUN"]
[SourceTitle "CBM 204 Extra"]
[Source "ChessBase"]
[SourceDate "2021.11.30"]
[SourceVersion "1"]
[SourceVersionDate "2021.11.30"]
[SourceQuality "1"]

1. e4 e5 2. f4 exf4 3. Nf3 Nf6 4. e5 Nh5 5. d4 d6 6. Bc4 Nc6 7. 0-0 Be7 8. Nc3 0-0 9. d5 Na5 10. Be2 dxe5 11. Nxe5 Bd6 12. Bxh5 Bxe5 13. Bxf4 Nc4 14. Bxe5 Nxe5 15. Qd4 Qg5 16. Be2 f6 17. Ne4 Qg6 18. c4 Bf5 19. Ng3 Bd3 20. Rfe1 Bxe2 21. Rxe2 Qd3 22. Qxd3 Nxd3 23. Rd1 Ne5 24. b3 b6 25. Nf5 Rfd8 26. Red2 Rd7 27. Rd4 a5 28. Re4 Re8 29. Rde1 b5 30. Kf1 bxc4 31. bxc4 Rb8 32. c5 Kf8 33. c6 Rxd5 34. Nd4 Kf7 35. Nf3 Nxc6 36. Rc4 Rd6 37. Rec1 Rb6 38. Nh4 g6 39. Nf3 Ke7 40. Rh4 h5 41. Rhc4 Kd7 42. Nh4 f5 43. Nf3 Rb5 44. a4 Rbd5 45. Ke1 Rd3 46. Rxc6 Re3+ 47. Kf2 Rxf3+ 48. Kxf3 Rxc6 49. Rd1+ Rd6 50. Rc1 Rd4 0-1

[Event "Trieste op 23rd"]
[Site "Trieste"]
[Date "2021.09.01"]
[Round "6"]
[White "Suta, Andraz"]
[Black "David, Alberto"]
[Result "0-1"]
[WhiteElo "2255"]
[BlackElo "2532"]
[PlyCount "68"]
[EventDate "2021.08.28"]
[EventType "swiss"]
[EventRounds "9"]
[EventCountry "ITA"]
[SourceTitle "CBM 204 Extra"]
[Source "ChessBase"]
[SourceDate "2021.11.30"]
[SourceVersion "1"]
[SourceVersionDate "2021.11.30"]
[SourceQuality "1"]

1. e4 e6 2. d4 d5 3. Nd2 c5 4. Ngf3 cxd4 5. exd5 Qxd5 6. Bc4 Qd6 7. 0-0 Nf6 8. Nb3 Nc6 9. Nbxd4 Nxd4 10. Nxd4 Be7 11. c3 0-0 12. Qf3 Qc7 13. Bd3 Bd7 14. Re1 Rfe8 15. Bf4 Bd6 16. Bg5 Bxh2+ 17. Kh1 Be5 18. Qh3 h6 19. Bxh6 Bf4 20. Bxf4 Qxf4 21. Ne2 Qd2 22. Rad1 Qxb2 23. Ng3 Bc6 24. Re5 Rad8 25. Nh5 Qxf2 26. Rg5 g6 27. Rf1 Rxd3 28. Qxd3 Qh4+ 29. Kg1 Nxh5 30. Qe3 Ng7 31. Qe5 Nf5 32. Qf6 Qh8 33. Qxh8+ Kxh8 34. g4 Nd6 0-1

[Event "Budapest Rigochess10 IM"]
[Site "Budapest"]
[Date "2020.10.20"]
[Round "5"]
[White "Suta, Andraz"]
[Black "Kahn, Evarth"]
[Result "1-0"]
[WhiteElo "2250"]
[BlackElo "2205"]
[PlyCount "89"]
[EventDate "2020.10.16"]
[EventType "tourn"]
[EventRounds "9"]
[EventCountry "HUN"]
[EventCategory "1"]
[SourceTitle "EXT 2022"]
[Source "ChessBase"]
[SourceDate "2021.10.06"]
[SourceVersion "1"]
[SourceVersionDate "2021.10.06"]
[SourceQuality "1"]

1. e4 Nf6 2. e5 Nd5 3. d4 d6 4. Nf3 Bg4 5. Be2 e6 6. 0-0 Be7 7. c4 Nb6 8. Nc3 0-0 9. Be3 d5 10. c5 Bxf3 11. gxf3 Nc8 12. b4 Nc6 13. Rb1 Bh4 14. f4 N8e7 15. Kh1 Nf5 16. Qd2 f6 17. Nd1 Kh8 18. b5 Nce7 19. Bd3 b6 20. c6 a6 21. Nc3 a5 22. a4 Qe8 23. Qe2 Qg6 24. Rg1 Qh6 25. Rg2 Rf7 26. Rbg1 Raf8 27. Nd1 g6 28. Qg4 fxe5 29. fxe5 Nxe3 30. fxe3 Nf5 31. Qh3 Bg5 32. Qxh6 Bxh6 33. Bxf5 Rxf5 34. Re2 Rf3 35. Kg2 Bg5 36. Ree1 Kg7 37. Rgf1 Rxf1 38. Rxf1 Rxf1 39. Kxf1 Kh6 40. Ke2 Kh5 41. Nc3 Kg4 42. e4 dxe4 43. Nxe4 Kf5 44. Nd6+ Kf4 45. Ne8 1-0

[Event "SLO-chT 30th"]
[Site "Gostovanja"]
[Date "2020.10.03"]
[Round "2.3"]
[White "Suta, Andraz"]
[Black "Muha, Miljenko"]
[Result "1-0"]
[WhiteElo "2250"]
[BlackElo "2295"]
[PlyCount "135"]
[EventDate "2020.10.02"]
[EventType "team-tourn"]
[EventRounds "5"]
[EventCountry "SLO"]
[SourceTitle "CBM 198 Extra"]
[Source "ChessBase"]
[SourceDate "2020.11.30"]
[SourceVersion "1"]
[SourceVersionDate "2020.11.30"]
[SourceQuality "1"]
[WhiteTeam "Ptuj"]
[BlackTeam "Krsko Triglav"]
[WhiteTeamCountry "SLO"]
[BlackTeamCountry "SLO"]

1. e4 d6 2. d4 g6 3. Nc3 Bg7 4. Be3 a6 5. Bc4 Nf6 6. f3 0-0 7. Nge2 b5 8. Bb3 Nbd7 9. a4 b4 10. Nb1 c5 11. c3 a5 12. Nd2 Ba6 13. 0-0 Rc8 14. dxc5 bxc3 15. bxc3 Nxc5 16. Bc2 Qc7 17. Re1 d5 18. Ng3 dxe4 19. Bxe4 Nfxe4 20. Ndxe4 Nd3 21. Re2 f5 22. Ng5 Qxc3 23. Rb1 Bd4 24. Ne6 Bxe3+ 25. Rxe3 Rf6 26. Ne2 Qc4 27. N2d4 Qd5 28. Rb6 Bc4 29. Rxd3 Bxd3 30. Qxd3 Qe5 31. g3 Rb8 32. Qe2 Rxe6 33. Qxe5 Rxe5 34. Rxb8+ Kf7 35. Kf2 Rc5 36. Rb5 Rc4 37. Nb3 Rxa4 38. Rxa5 Rb4 39. Nd2 Kf6 40. f4 h6 41. h4 g5 42. Ra6+ e6 43. hxg5+ hxg5 44. fxg5+ Kxg5 45. Rxe6 f4 46. Nf3+ Kg4 47. Rg6+ Kh5 48. Rg5+ Kh6 49. g4 Rb2+ 50. Kg1 Rb1+ 51. Kg2 Rb2+ 52. Kh3 Rb3 53. Rh5+ Kg6 54. Kg2 Rb2+ 55. Kf1 Rb1+ 56. Ke2 Rb2+ 57. Kd3 Rb3+ 58. Ke2 Rb2+ 59. Nd2 f3+ 60. Ke3 f2 61. Rf5 f1Q 62. Rxf1 Kg5 63. Rg1 Kh4 64. g5 Kh5 65. g6 Rb8 66. g7 Rg8 67. Kf4 Kh6 68. Kf5 1-0

[Event "Balatonlelle Benko Memorial IM"]
[Site "Balatonlelle"]
[Date "2020.09.05"]
[Round "7"]
[White "Suta, Andraz"]
[Black "Mouhamad, Joachin"]
[Result "1-0"]
[WhiteElo "2197"]
[BlackElo "2272"]
[PlyCount "83"]
[EventDate "2020.08.31"]
[EventType "tourn"]
[EventRounds "9"]
[EventCountry "HUN"]
[EventCategory "2"]
[SourceTitle "CBM 198 Extra"]
[Source "ChessBase"]
[SourceDate "2020.11.30"]
[SourceVersion "1"]
[SourceVersionDate "2020.11.30"]
[SourceQuality "1"]

1. e4 e5 2. Nf3 Nc6 3. Bb5 a6 4. Ba4 Nf6 5. 0-0 Be7 6. Re1 b5 7. Bb3 d6 8. c3 0-0 9. h3 Nb8 10. d4 Nbd7 11. Nbd2 Bb7 12. Bc2 Re8 13. Nf1 Bf8 14. Ng3 g6 15. a4 c5 16. d5 c4 17. Nh2 h5 18. f4 exf4 19. Bxf4 h4 20. Ngf1 Nh5 21. Be3 Ne5 22. Nf3 Nxf3+ 23. Qxf3 Qf6 24. Qd1 Bg7 25. Nh2 Qe7 26. axb5 axb5 27. Rxa8 Rxa8 28. Nf3 Ng3 29. Nd4 Nxe4 30. Nxb5 Ra5 31. Bxe4 Rxb5 32. Bf3 Be5 33. Bf4 f6 34. Bxe5 fxe5 35. Qc2 Kg7 36. Be4 Qg5 37. Qa4 Qd2 38. Rf1 Qe3+ 39. Kh2 Qg3+ 40. Kh1 Bxd5 41. Bxd5 Rxd5 42. Qa8 1-0

[Event "Balatonlelle Benko Memorial IM"]
[Site "Balatonlelle"]
[Date "2020.09.04"]
[Round "6"]
[White "Szeberenyi, Adam"]
[Black "Suta, Andraz"]
[Result "1/2-1/2"]
[WhiteElo "2372"]
[BlackElo "2197"]
[PlyCount "187"]
[EventDate "2020.08.31"]
[EventType "tourn"]
[EventRounds "9"]
[EventCountry "HUN"]
[EventCategory "2"]
[SourceTitle "CBM 198 Extra"]
[Source "ChessBase"]
[SourceDate "2020.11.30"]
[SourceVersion "1"]
[SourceVersionDate "2020.11.30"]
[SourceQuality "1"]

1. Nf3 d5 2. e3 Nf6 3. c4 e6 4. b3 c5 5. Bb2 Nc6 6. cxd5 exd5 7. d4 Be6 8. dxc5 Bxc5 9. Be2 0-0 10. 0-0 Rc8 11. Nc3 Qe7 12. Nb5 Rfe8 13. Nbd4 Bd7 14. Nxc6 bxc6 15. Ne5 Bd6 16. Nxd7 Nxd7 17. Rc1 Ba3 18. Qd4 Bxb2 19. Qxb2 c5 20. Rc2 Nb6 21. Rfc1 d4 22. exd4 cxd4 23. Rxc8 Nxc8 24. Bd3 Qd6 25. Qe2 Qd8 26. Qg4 Nb6 27. h4 Qd6 28. a4 Nd7 29. Bb5 Nf6 30. Rc8 Rd8 31. Qf4 Qf8 32. Rc4 Nd5 33. Qe5 Nc3 34. Rxd4 Rxd4 35. Qxd4 Nxb5 36. axb5 Qb8 37. Qc5 g6 38. h5 gxh5 39. Qg5+ Kf8 40. Qxh5 Qd6 41. Qxh7 Qd1+ 42. Kh2 Qxb3 43. Qh8+ Ke7 44. Qe5+ Kd7 45. f3 Qd3 46. Qh5 Ke7 47. Kh3 Qd7+ 48. g4 Qd1 49. Qc5+ Ke8 50. Qe3+ Kf8 51. Kg3 Qd5 52. Qh6+ Kg8 53. Qh5 Qd6+ 54. Kh3 a6 55. Qg5+ Kf8 56. bxa6 Qxa6 57. Kh4 Qd6 58. f4 Qd2 59. Qe5 Kg8 60. Kg5 Qc2 61. Qf6 Qd2 62. Qe5 Qc1 63. Qd4 Qc6 64. f5 Qc1+ 65. Kf6 Qc6+ 66. Ke7 Qb7+ 67. Ke8 Qb5+ 68. Ke7 Qb7+ 69. Kf6 Qc6+ 70. Ke5 Qc7+ 71. Ke4 Qc6+ 72. Kf4 Qc7+ 73. Qe5 Qc4+ 74. Qe4 Qf1+ 75. Ke5 Qb5+ 76. Kf6 Qb6+ 77. Kg5 Qc5 78. Qa8+ Kg7 79. Qa1+ Kg8 80. Qe1 Qd6 81. Qe3 Qc6 82. Qd2 Qc7 83. Qd5 Qc1+ 84. Kf6 Qc3+ 85. Ke7 Qb4+ 86. Ke8 Qa4+ 87. Ke7 Qb4+ 88. Qd6 Qe4+ 89. Kf6 Qxg4 90. Qb8+ Kh7 91. Qf8 Qd4+ 92. Kxf7 Qf6+ 93. Ke8 Qd8+ 94. Kf7 1/2-1/2

[Event "Balatonlelle Benko Memorial IM"]
[Site "Balatonlelle"]
[Date "2020.09.03"]
[Round "4"]
[White "Fule, Simon"]
[Black "Suta, Andraz"]
[Result "1/2-1/2"]
[WhiteElo "2279"]
[BlackElo "2197"]
[PlyCount "47"]
[EventDate "2020.08.31"]
[EventType "tourn"]
[EventRounds "9"]
[EventCountry "HUN"]
[EventCategory "2"]
[SourceTitle "CBM 198 Extra"]
[Source "ChessBase"]
[SourceDate "2020.11.30"]
[SourceVersion "1"]
[SourceVersionDate "2020.11.30"]
[SourceQuality "1"]

1. e4 d6 2. d4 Nf6 3. Nc3 g6 4. f4 Bg7 5. Bd3 Nfd7 6. Nf3 c5 7. d5 Qb6 8. Bd2 Na6 9. Na4 Qd8 10. c4 e6 11. 0-0 exd5 12. exd5 0-0 13. f5 Nb4 14. Bxb4 cxb4 15. a3 a5 16. Qd2 Ne5 17. Nxe5 Bxe5 18. g3 Bd7 19. axb4 axb4 20. Qxb4 Rxa4 21. Rxa4 Bxa4 22. Qxa4 Qb6+ 23. Kh1 Qxb2 24. Qc2 1/2-1/2

[Event "Djenovici TS10 IM 3rd"]
[Site "Djenovici"]
[Date "2019.10.25"]
[Round "7"]
[White "Suta, Andraz"]
[Black "Plenkovic, Zdenko"]
[Result "0-1"]
[WhiteElo "2277"]
[BlackElo "2368"]
[PlyCount "44"]
[EventDate "2019.10.19"]
[EventType "tourn"]
[EventRounds "9"]
[EventCountry "MNE"]
[EventCategory "1"]
[SourceTitle "CBM 192 Extra"]
[Source "Chessbase"]
[SourceDate "2019.11.06"]
[SourceVersion "1"]
[SourceVersionDate "2019.11.06"]
[SourceQuality "1"]

1. e4 c5 2. Nf3 a6 3. c3 d6 4. d4 Nf6 5. dxc5 Nc6 6. cxd6 Nxe4 7. dxe7 Qxd1+ 8. Kxd1 Nxf2+ 9. Ke2 Nxh1 10. exf8Q+ Rxf8 11. g3 Bf5 12. g4 Bg6 13. Be3 0-0-0 14. Ne1 Rfe8 15. Nd2 Ne5 16. Bh3 Rxd2+ 17. Bxd2 Nc4+ 18. Kf1 Nxd2+ 19. Kg1 Rxe1+ 20. Rxe1 Nf3+ 21. Kf1 Bd3+ 22. Kg2 Nxe1+ 0-1

[Event "Djenovici TS10 IM 3rd"]
[Site "Djenovici"]
[Date "2019.10.20"]
[Round "2"]
[White "Suta, Andraz"]
[Black "Lyell, Mark"]
[Result "1-0"]
[WhiteElo "2277"]
[BlackElo "2234"]
[PlyCount "94"]
[EventDate "2019.10.19"]
[EventType "tourn"]
[EventRounds "9"]
[EventCountry "MNE"]
[EventCategory "1"]
[SourceTitle "CBM 192 Extra"]
[Source "Chessbase"]
[SourceDate "2019.11.06"]
[SourceVersion "1"]
[SourceVersionDate "2019.11.06"]
[SourceQuality "1"]

1. e4 c6 2. d4 d5 3. Nc3 dxe4 4. Nxe4 Nf6 5. Nxf6+ exf6 6. Nf3 Bd6 7. Be3 0-0 8. Be2 Re8 9. 0-0 Nd7 10. c4 Nf8 11. h3 Ng6 12. Bd3 Be6 13. Qd2 Qd7 14. Bxg6 hxg6 15. Rac1 Bxh3 16. gxh3 Qxh3 17. Bf4 Qg4+ 18. Bg3 Bxg3 19. fxg3 Qxg3+ 20. Qg2 Qf4 21. Rce1 g5 22. Qf2 Rad8 23. Rxe8+ Rxe8 24. Re1 Qg4+ 25. Kf1 Re6 26. Rxe6 fxe6 27. Qe3 Kf7 28. Kf2 Qf4 29. Qxf4 gxf4 30. Nd2 g5 31. Ne4 b6 32. b4 Kg6 33. a4 g4 34. b5 cxb5 35. axb5 e5 36. c5 f5 37. c6 fxe4 38. c7 e3+ 39. Ke2 exd4 40. c8Q f3+ 41. Kd3 Kh5 42. Qh8+ Kg5 43. Qxd4 e2 44. Qe5+ Kh4 45. Qh2+ Kg5 46. Kd2 Kf5 47. Qg3 Kg5 1-0